000
00338 a2200157 4500
001
190298
020
_a
85-7673-051-0
040
_c
Magnum
100
_a
Jose, Elias
240
1
0
_a
Dois gigantes diferentes
_l
por
245
1
0
_a
Dois gigantes diferentes
300
_a
23
362
0
_a
2005
697
_a
LITERATURA INFANTO
942
_c
BK
999
_c
190298
_d
190298